| 000 | 00433nab a2200145Ia 4500 | ||
|---|---|---|---|
| 003 | ES-SlBCS | ||
| 005 | 20210601132838.0 | ||
| 008 | 140529s1976 xxu||||| |||| 00| 0 ita d | ||
| 041 | _aita | ||
| 100 | 1 |
_aGiuletti, Giovanni _9199458 |
|
| 245 | 0 | 0 |
_aMorte e oltremorte _c Giovanni Giuletti |
| 650 | 0 | 4 |
_aMuerte _986712 |
| 773 | 0 |
_tGiornale Critico della Filosofia Italiana _gvol. 57, nº. 4, 1976, págs. 492-523 _wRev1492 |
|
| 942 | _cAR | ||
| 999 |
_c586569 _d586569 |
||